| 000 | 00586nam a22001817a 4500 | ||
|---|---|---|---|
| 003 | OSt | ||
| 005 | 20260109123106.0 | ||
| 008 | 260109b |||||||| |||| 00| 0 eng d | ||
| 020 | _a978 9966 1962 1 7 | ||
| 040 |
_aNIRU _bEN _cNIRU |
||
| 050 |
_aHV 6431 _b.A45 2017 |
||
| 100 |
_aAli Mustafa Y. _e[Author] |
||
| 245 |
_aThe globalization of terrorism _bFROM SICARIIS, ASSASSINS TO ISIS _cMustafa Y. Ali |
||
| 260 |
_aNairobi, Kenya _bThe horn institute for strategic studies _c2017 |
||
| 300 |
_a258 p. _bill. |
||
| 650 |
_aTerrorism _vglobalization _xFranchising terror |
||
| 942 |
_2lcc _cBK _n0 |
||
| 999 |
_c593 _d593 |
||